Normal view
MARC view
- How to solve the world problems in calculus
Entry Topical Term
001 - CONTROL NUMBER
- control field: 125413
003 - CONTROL NUMBER IDENTIFIER
- control field: NUST
005 - DATE AND TIME OF LATEST TRANSACTION
- control field: 20240828114422.0
008 - FIXED-LENGTH DATA ELEMENTS
- fixed length control field: 240828|| aca||aabn | a|a d
040 ## - CATALOGING SOURCE
- Original cataloging agency: NUST
- Transcribing agency: NUST
150 ## - HEADING--TOPICAL TERM
- Topical term or geographic name entry element: How to solve the world problems in calculus
670 ## - SOURCE DATA FOUND
- Source citation: Work cat.: (NUST): Eugene Don 125338, How to solve the world problems in calculus , 2002.
